000 01346nam0a2200373 4500
001 RU\NLR\bibl\815249
005 20250614134242.0
010 _a5-88717-617-2
_910000
021 _aRU
_b2005-29773
_91488
035 _a(NLR Aleph) 000804279
090 _a1200779
_c1200779
100 _a20050705d2005 |||y0rusy50 ca
101 0 _arus
102 _aRU
105 _aa |||||||||
200 1 _aТехнология. Учимся мастерству
_eрабочая тетрадь для учащихся 3 класса общеобразовательных учреждений
_fЕ. А. Лутцева
210 _aМосква
_cВентана-граф
_d2005
215 _a46, [1] с.
_cил.
_d26
517 0 _aУчимся мастерству
606 0 _aТрудовое обучение
_jРабочие тетради для начальной школы
_91841169
_3RU\NLR\auth\661125123
675 _a373.167.1:62
_v3
_zrus
675 _a62(075.2)
_v3
_zrus
686 _a14.25
_2rugasnti
686 _a30я71
_2rubbk
686 _aМ78я711-4
700 1 _aЛутцева
_bЕ. А.
_gЕлена Андреевна
_4070
801 0 _aRU
_bRKP
_c20021025
_gPSBO
801 1 _aRU
_bRKP
_c20021025
801 2 _aRU
_bNLR
_c20051101
_grcr
830 _aпо кн
942 _cBOOK
980 _aNB